[Event "I Festival A"]
[Site "Cattolica ITA"]
[Date "2005.06.11"]
[Round "1"]
[White "Napoli, Nicolo'"]
[Black "Lucchi, Lorenzo"]
[Result "1-0"]
[WhiteElo "2205"]
[BlackElo "1870"]
[PlyCount "31"]
[EventDate "2005.06.11"]

1.e4 d6 2.d4 Nf6 3.Nc3 g6 4.f4 Bg7 5.e5 dxe5 6.fxe5 Bg4 7.Nf3 Nd5 8.Bc4 c6
9.h3 Bd7 10.O-O e6 11.Ne4 h6 12.Nd6+ Ke7 13.Ng5 f5 14.Ngf7 Qb6 15.Nxh8 
Bxe5 16.Nxg6+ 1-0

[Event "I Festival A"]
[Site "Cattolica ITA"]
[Date "2005.06.11"]
[Round "1"]
[White "Okhotnik, Vladimir"]
[Black "Sautto, Alessandra"]
[Result "1-0"]
[WhiteElo "2417"]
[BlackElo "1968"]
[PlyCount "43"]
[EventDate "2005.06.11"]

1.e4 d5 2.Nc3 dxe4 3.Nxe4 Bf5 4.Ng3 Bg6 5.Nf3 e6 6.h4 h6 7.Ne5 Qf6 8.d4 
Bh7 9.Bd3 Bxd3 10.Qxd3 c6 11.Bd2 Qd8 12.O-O-O Nf6 13.Rhe1 Be7 14.f4 Nbd7 
15.f5 Nxe5 16.Rxe5 Ng4 17.Re2 Bxh4 18.fxe6 Be7 19.exf7+ Kxf7 20.Qb3+ Qd5 
21.Qxb7 Rae8 22.Rde1 1-0

[Event "I Festival A"]
[Site "Cattolica ITA"]
[Date "2005.06.11"]
[Round "1"]
[White "Orfei, Rolando"]
[Black "Radovanovic, Jovica"]
[Result "1/2-1/2"]
[WhiteElo "1943"]
[BlackElo "2340"]
[PlyCount "61"]
[EventDate "2005.06.11"]

1.b3 d5 2.Bb2 Bg4 3.g3 Nf6 4.Bg2 e6 5.c4 Be7 6.Nf3 O-O 7.O-O Nc6 8.cxd5 
exd5 9.d4 Ne4 10.Nc3 Re8 11.Ne5 Nxe5 12.dxe5 Nxc3 13.Bxc3 c6 14.h3 Bf5 15.
e3 a5 16.Qd2 Be6 17.f4 f5 18.g4 b5 19.Rad1 b4 20.Ba1 g6 21.gxf5 gxf5 22.
Kh2 Kh8 23.e4 dxe4 24.Qe3 Bd5 25.Rg1 Bh4 26.Qc5 Re6 27.Bf1 Qf8 28.Rxd5 
cxd5 29.Qxd5 Rae8 30.Bc4 Bf2 31.Rg2 1/2-1/2

[Event "I Festival A"]
[Site "Cattolica ITA"]
[Date "2005.06.11"]
[Round "1"]
[White "Pircher, Karl"]
[Black "Marini, Lucio"]
[Result "1/2-1/2"]
[WhiteElo "2037"]
[BlackElo "1527"]
[PlyCount "88"]
[EventDate "2005.06.11"]

1.d4 Nf6 2.c4 e6 3.Nc3 Bb4 4.Qc2 d5 5.e3 O-O 6.a3 Be7 7.Nf3 c6 8.Bd3 dxc4 
9.Bxc4 Nbd7 10.e4 Re8 11.O-O Qc7 12.e5 Nd5 13.Bd3 Nf8 14.Ne4 h6 15.Bd2 a5 
16.Rac1 Bd7 17.Rfd1 Red8 18.Qb3 Qb6 19.Qa2 Be8 20.Nc5 Nd7 21.Ne4 Qa7 22.
Nc3 N7b6 23.Ne4 Rac8 24.Nc5 Nd7 25.Ne4 c5 26.dxc5 Nxc5 27.Nxc5 Rxc5 28.Be4
Rxc1 29.Rxc1 Bc5 30.Be1 Nf4 31.Qc4 Rc8 32.Kh1 b5 33.Qf1 Rd8 34.g3 Nd5 35.
Bxa5 Bb6 36.Bxb6 Nxb6 37.Qe2 Qa4 38.Kg2 b4 39.axb4 Qxb4 40.Rc7 Rb8 41.Rc2 
Na4 42.Qe3 Nxb2 43.Qd4 Qxd4 44.Nxd4 g6 1/2-1/2

[Event "I Festival A"]
[Site "Cattolica ITA"]
[Date "2005.06.11"]
[Round "1"]
[White "Pivotto, Carlo"]
[Black "Popa, Claudiu"]
[Result "0-1"]
[WhiteElo "1802"]
[BlackElo "2186"]
[PlyCount "120"]
[EventDate "2005.06.11"]

1.e4 e5 2.Nf3 Nc6 3.c3 d5 4.d3 dxe4 5.dxe4 Qxd1+ 6.Kxd1 Bc5 7.Be3 Bxe3 8.
fxe3 Nf6 9.Bd3 O-O 10.Ke2 b6 11.Nbd2 Bb7 12.b4 Rfe8 13.b5 Na5 14.Rhf1 Re7 
15.Ng5 a6 16.a4 axb5 17.axb5 Rd8 18.Bc2 h6 19.Ngf3 Nd7 20.g4 Nc5 21.h4 f6 
22.g5 hxg5 23.hxg5 Bc8 24.Rg1 Kf7 25.gxf6 gxf6 26.Raf1 Rg8 27.Bb1 Rxg1 28.
Ba2+ Be6 29.Bxe6+ Rxe6 30.Rxg1 Rd6 31.Rh1 Rd7 32.Rh6 Nab7 33.Rh4 Nd6 34.c4
Ke6 35.Ne1 Rg7 36.Kf2 Na4 37.Nd3 Nc3 38.Nb4 Nd1+ 39.Ke2 Nb2 40.Nd5 Nbxc4 
41.Nxc4 Nxc4 42.Rh6 Rf7 43.Kd3 Nd6 44.Nc3 Rd7 45.Nd5 Rf7 46.Nc3 Nb7 47.Kc4
Nc5 48.Rg6 Rh7 49.Rg4 Nb7 50.Kb4 Nd6 51.Kb3 Rh3 52.Nd5 Nxb5 53.Rg7 c6 54.
Nxb6 Rxe3+ 55.Kb4 Rxe4+ 56.Kc5 Nd4 57.Nc8 Re1 58.Re7+ Kf5 59.Nd6+ Kf4 60.
Kc4 Nf5 0-1

[Event "I Festival A"]
[Site "Cattolica ITA"]
[Date "2005.06.11"]
[Round "1"]
[White "Ronchetti, Niccolo'"]
[Black "Solaroli, Riccardo"]
[Result "1-0"]
[WhiteElo "2364"]
[BlackElo "1963"]
[PlyCount "61"]
[EventDate "2005.06.11"]

1.e4 d5 2.exd5 Nf6 3.c4 e6 4.d4 exd5 5.Nc3 Bb4 6.a3 Bxc3+ 7.bxc3 O-O 8.Bd3
Re8+ 9.Ne2 Nc6 10.O-O dxc4 11.Bxc4 Be6 12.Bd3 Bg4 13.Qc2 Ne7 14.h3 Bd7 15.
c4 Ng6 16.Bb2 c6 17.a4 Qc7 18.f4 Nh5 19.f5 Ngf4 20.Nxf4 Nxf4 21.f6 Nxd3 
22.Qxd3 g6 23.Bc1 Qa5 24.c5 Re1 25.Bf4 Rxa1 26.Rxa1 Re8 27.Be5 Bf5 28.Qe3 
Rxe5 29.Qh6 Re1+ 30.Rxe1 Qxe1+ 31.Kh2 1-0

[Event "I Festival A"]
[Site "Cattolica ITA"]
[Date "2005.06.11"]
[Round "1"]
[White "Safranska, Anda"]
[Black "Baldelli, Alex"]
[Result "1-0"]
[WhiteElo "2298"]
[BlackElo "1901"]
[PlyCount "69"]
[EventDate "2005.06.11"]

1.e4 c5 2.Nf3 e6 3.d3 Nc6 4.g3 d6 5.Bg2 Nf6 6.O-O Be7 7.Re1 Qc7 8.c3 d5 9.
Nbd2 dxe4 10.dxe4 O-O 11.Qe2 a6 12.a4 b6 13.e5 Nd5 14.Nc4 Bb7 15.Bg5 Rfd8 
16.Rad1 h6 17.Bxe7 Ncxe7 18.h4 Bc6 19.Qc2 b5 20.axb5 axb5 21.Nd6 Nc8 22.
Ne4 c4 23.Nd4 Be8 24.f4 b4 25.Qd2 bxc3 26.bxc3 Ncb6 27.Nd6 Bd7 28.Kh1 Ra5 
29.Rb1 Rda8 30.Rb2 Bc6 31.Rxb6 Qxb6 32.Nxc4 Qc5 33.Nxa5 Rxa5 34.Nxc6 Qxc6 
35.c4 1-0

[Event "I Festival A"]
[Site "Cattolica ITA"]
[Date "2005.06.11"]
[Round "1"]
[White "Squarci, Franco"]
[Black "Schaefer, Michael"]
[Result "0-1"]
[WhiteElo "1863"]
[BlackElo "2202"]
[PlyCount "76"]
[EventDate "2005.06.11"]

1.Nf3 d6 2.d4 f5 3.g3 Nf6 4.Bg2 g6 5.O-O Bg7 6.c4 O-O 7.Nc3 Qe8 8.Qb3 c5 
9.dxc5 dxc5 10.Be3 Na6 11.Rad1 Ng4 12.Bc1 e5 13.h3 Nf6 14.e4 Nb4 15.a3 Nc6
16.exf5 gxf5 17.Nd5 Rb8 18.Rfe1 Ne4 19.Ng5 Nd4 20.Qd3 Nxg5 21.Bxg5 Rf7 22.
b4 b6 23.b5 Be6 24.Rd2 Qf8 25.f4 e4 26.Qe3 Rd7 27.Bxe4 fxe4 28.Qxe4 Re8 
29.f5 Bf7 30.Ne7+ Rdxe7 31.Bxe7 Rxe7 32.Qxe7 Qxe7 33.Rxe7 Nf3+ 34.Kg2 Nxd2
35.Rxa7 Nxc4 36.Ra8+ Bf8 37.Rb8 Bd5+ 38.Kf2 Kf7 0-1

[Event "I Festival A"]
[Site "Cattolica ITA"]
[Date "2005.06.11"]
[Round "1"]
[White "Torrisi, Andrea"]
[Black "Dallaglio, Giovanni"]
[Result "1/2-1/2"]
[WhiteElo "1611"]
[BlackElo "2038"]
[PlyCount "34"]
[EventDate "2005.06.11"]

1.d4 d5 2.c4 dxc4 3.Nf3 Nf6 4.e3 e6 5.Bxc4 c5 6.Nc3 cxd4 7.exd4 Be7 8.O-O 
O-O 9.Qe2 Nc6 10.Rd1 Na5 11.Bf4 Nxc4 12.Qxc4 Nd5 13.Nxd5 exd5 14.Qb3 Bd6 
15.Bg5 Qa5 16.Bd2 Qd8 17.Bg5 Qa5 1/2-1/2

[Event "I Festival A"]
[Site "Cattolica ITA"]
[Date "2005.06.11"]
[Round "1"]
[White "Trussardi, Giuseppe"]
[Black "Straub, Peter"]
[Result "0-1"]
[WhiteElo "1768"]
[BlackElo "2112"]
[PlyCount "126"]
[EventDate "2005.06.11"]

1.c4 Nf6 2.Nc3 b6 3.e4 d6 4.g3 Bb7 5.Bg2 Nbd7 6.Nge2 Nc5 7.d3 a5 8.O-O g6 
9.h3 Bg7 10.Be3 e5 11.Qd2 O-O 12.Rad1 Qd7 13.Bh6 Ne8 14.Bxg7 Nxg7 15.d4 
exd4 16.Nxd4 Rae8 17.Rfe1 Nge6 18.Nd5 Bxd5 19.cxd5 Nxd4 20.Qxd4 Qa4 21.
Qxa4 Nxa4 22.Rb1 Re7 23.Bf1 Nc5 24.f3 Kg7 25.g4 Re5 26.Kf2 Rfe8 27.Rbd1 f5
28.Bb5 R8e7 29.exf5 Rxe1 30.Rxe1 Rxe1 31.Kxe1 gxf5 32.gxf5 Kf6 33.Kf2 Kxf5
34.Ke3 h5 35.h4 Ke5 36.Be8 Kxd5 37.Bxh5 Ke5 38.Bg6 Ne6 39.Be8 Nf4 40.h5 
Nd5+ 41.Kf2 Kf6 42.Kg3 Kg5 43.Bf7 Nf6 44.f4+ Kh6 45.Kh4 d5 46.Bg6 c5 47.
Bb1 c4 48.Bc2 b5 49.Kg3 Kxh5 50.Bd1+ Kg6 51.Bc2+ Kf7 52.Kf3 d4 53.a4 b4 
54.Bd1 Ke6 55.Bc2 d3 56.Bd1 c3 57.bxc3 bxc3 58.Bb3+ Kd6 59.Ke3 c2 60.Kd2 
Kc5 61.Be6 Ne4+ 62.Kc1 Nc3 63.Kd2 Ne2 0-1

[Event "I Festival A"]
[Site "Cattolica ITA"]
[Date "2005.06.11"]
[Round "1"]
[White "Volpinari, Danilo"]
[Black "Orsi, Lorenzo"]
[Result "1-0"]
[WhiteElo "2044"]
[BlackElo "1700"]
[PlyCount "43"]
[EventDate "2005.06.11"]

1.e4 c5 2.Nf3 g6 3.d4 cxd4 4.Qxd4 Nf6 5.e5 Nc6 6.Qe3 Nd5 7.Qe4 Ndb4 8.a3 
d5 9.Qe2 Qa5 10.c3 Bf5 11.cxb4 Nxb4 12.Qb5+ Nc6+ 13.Qxa5 Nxa5 14.Bb5+ Kd8 
15.Nd4 Bg7 16.Bf4 a6 17.Be2 Rc8 18.Nc3 Nc4 19.Nxf5 gxf5 20.Nxd5 Nxe5 21.
Rd1 Nd7 22.Nb6 1-0

[Event "I Festival A"]
[Site "Cattolica ITA"]
[Date "2005.06.12"]
[Round "2"]
[White "Baldelli, Alex"]
[Black "Abiuso Melo, Diego"]
[Result "1/2-1/2"]
[WhiteElo "1901"]
[BlackElo "2131"]
[PlyCount "35"]
[EventDate "2005.06.11"]

1.d4 Nf6 2.Nf3 e6 3.Bg5 d5 4.e3 c6 5.c3 Nbd7 6.Bd3 Bd6 7.O-O Qc7 8.Nbd2 
O-O 9.Qc2 h6 10.Bh4 c5 11.Bg3 Bxg3 12.hxg3 e5 13.dxe5 Nxe5 14.Bf5 Be6 15.
Rad1 Nfg4 16.Nh2 Rae8 17.Ndf3 Nxh2 18.Kxh2 1/2-1/2

[Event "I Festival A"]
[Site "Cattolica ITA"]
[Date "2005.06.12"]
[Round "2"]
[White "Battistella, Stefano"]
[Black "De Zordi, Fabio"]
[Result "1-0"]
[WhiteElo "2055"]
[BlackElo "1733"]
[PlyCount "59"]
[EventDate "2005.06.11"]

1.Nf3 Nf6 2.c4 e6 3.b3 b6 4.g3 Bb7 5.Bg2 Be7 6.Bb2 c5 7.O-O O-O 8.e3 d6 9.
Qe2 Nbd7 10.Rd1 Qc7 11.Nc3 a6 12.Rac1 Rad8 13.d4 Qb8 14.e4 cxd4 15.Nxd4 
Qa8 16.b4 Rc8 17.Nb3 Rfd8 18.a3 Ne5 19.Nd2 Bf8 20.f4 Nc6 21.Nb3 Nb8 22.Kh1
Nbd7 23.g4 d5 24.cxd5 exd5 25.Nxd5 Rxc1 26.Nxc1 Re8 27.Nc7 Rxe4 28.Nxa8 
Rxe2 29.Nxe2 Nxg4 30.Rxd7 1-0

[Event "I Festival A"]
[Site "Cattolica ITA"]
[Date "2005.06.12"]
[Round "2"]
[White "Bellin, Robert Cecil"]
[Black "Magalotti, Andrea"]
[Result "1-0"]
[WhiteElo "2397"]
[BlackElo "2169"]
[PlyCount "79"]
[EventDate "2005.06.11"]

1.e4 e5 2.Nf3 Nc6 3.Bb5 Nf6 4.d3 Bd6 5.O-O O-O 6.c3 a6 7.Ba4 b5 8.Bc2 Re8 
9.Re1 Bf8 10.a4 Rb8 11.axb5 axb5 12.Bg5 h6 13.Bh4 g5 14.Bg3 d6 15.h3 Bg7 
16.Nbd2 Bb7 17.d4 Nd7 18.Nb3 Ne7 19.dxe5 dxe5 20.Nh2 Nc8 21.Nf1 Nd6 22.f3 
Nc4 23.Qc1 Bf8 24.Rd1 c5 25.Nbd2 Nd6 26.b3 Qc7 27.Ne3 Nb6 28.Ng4 Bg7 29.
Nf1 c4 30.b4 Ra8 31.Rxa8 Bxa8 32.Qd2 Ndc8 33.h4 f6 34.Nfe3 Kf7 35.Nf5 Bf8 
36.Ngxh6+ Kg6 37.Ng4 Re6 38.hxg5 fxg5 39.Qd8 Qxd8 40.Rxd8 1-0

[Event "I Festival A"]
[Site "Cattolica ITA"]
[Date "2005.06.12"]
[Round "2"]
[White "Brancaleoni, Maurizio"]
[Black "Lazarev, Vladimir"]
[Result "0-1"]
[WhiteElo "2296"]
[BlackElo "2507"]
[PlyCount "66"]
[EventDate "2005.06.11"]

1.d4 c5 2.d5 g6 3.e4 Bg7 4.Nc3 d6 5.Nf3 Nf6 6.Bb5+ Bd7 7.a4 O-O 8.h3 Bxb5 
9.axb5 Nbd7 10.O-O Nb6 11.Bf4 Qd7 12.Qd3 Ne8 13.Ra5 Nc7 14.e5 Rfd8 15.Rfa1
a6 16.bxa6 Rxa6 17.Rxa6 Nxa6 18.exd6 exd6 19.Ne4 Nb4 20.Qd2 Nc4 21.Qe2 b5 
22.Bh6 Nxd5 23.Bxg7 Kxg7 24.b3 Nf4 25.Qe1 Ne5 26.Nxe5 dxe5 27.Nxc5 Qd5 28.
Ne4 Qc6 29.g3 Ne6 30.Nc3 Nd4 31.Qxe5+ Kg8 32.Qe7 Re8 33.Nd5 Kg7 0-1

[Event "I Festival A"]
[Site "Cattolica ITA"]
[Date "2005.06.12"]
[Round "2"]
[White "Chatalbashev, Boris"]
[Black "Napoli, Nicolo'"]
[Result "1-0"]
[WhiteElo "2499"]
[BlackElo "2205"]
[PlyCount "35"]
[EventDate "2005.06.11"]

1.d4 Nf6 2.c4 g6 3.Nc3 d5 4.Bf4 Bg7 5.e3 O-O 6.cxd5 Nxd5 7.Nxd5 Qxd5 8.
Bxc7 Nc6 9.Ne2 Bg4 10.f3 Rac8 11.Nc3 Qd7 12.Bf4 Bf5 13.Be2 Rfd8 14.d5 Nb4 
15.e4 Rxc3 16.bxc3 Bxc3+ 17.Kf2 Qc8 18.Rc1 1-0

[Event "I Festival A"]
[Site "Cattolica ITA"]
[Date "2005.06.12"]
[Round "2"]
[White "Cox, John J."]
[Black "Grau, Peter"]
[Result "1/2-1/2"]
[WhiteElo "2322"]
[BlackElo "2082"]
[PlyCount "80"]
[EventDate "2005.06.11"]

1.d4 d5 2.c4 dxc4 3.Nf3 Nf6 4.e3 e6 5.Bxc4 c5 6.O-O a6 7.Qe2 b5 8.Bb3 Nbd7
9.e4 cxd4 10.e5 Nd5 11.Bxd5 exd5 12.Bg5 d3 13.Qxd3 Nc5 14.Qe2 Be7 15.Bxe7 
Qxe7 16.Nc3 Be6 17.Rfd1 Rd8 18.b4 Nb7 19.a3 O-O 20.Qe3 Rd7 21.Qa7 Rc8 22.
Qe3 Rc4 23.Rd2 Qd8 24.Rad1 a5 25.Rd4 axb4 26.axb4 Qe7 27.Rxc4 bxc4 28.Rb1 
Bf5 29.Rb2 Bd3 30.Nd4 Nd8 31.h3 Rb7 32.Nxd5 Qd7 33.Nc3 Ra7 34.Kh2 h6 35.b5
Ra3 36.Nb1 Ra1 37.Nc3 Ra3 38.Nb1 Ra1 39.Nc3 Ra3 40.Nb1 Ra1 1/2-1/2

[Event "I Festival A"]
[Site "Cattolica ITA"]
[Date "2005.06.12"]
[Round "2"]
[White "Dallaglio, Giovanni"]
[Black "Leali, Claudio"]
[Result "1-0"]
[WhiteElo "2038"]
[BlackElo "1702"]
[PlyCount "75"]
[EventDate "2005.06.11"]

1.d4 Nf6 2.Nf3 g6 3.c4 Bg7 4.Nc3 O-O 5.g3 c6 6.Bg2 d5 7.cxd5 cxd5 8.Ne5 
Nc6 9.f4 Bf5 10.Be3 e6 11.O-O Rc8 12.Qd2 Qa5 13.Rfd1 b5 14.Nxc6 Rxc6 15.
Nxd5 Qxd2 16.Nxf6+ Bxf6 17.Rxd2 Rc7 18.Bf2 g5 19.e4 Bg6 20.f5 exf5 21.e5 
Bg7 22.Be3 h6 23.Bd5 a5 24.a4 b4 25.h4 g4 26.Bf4 Rfc8 27.Bb3 Kf8 28.Kf2 
Ke8 29.d5 Re7 30.d6 Ra7 31.Re1 Kd8 32.Rd5 Rb8 33.Rc1 Rc8 34.Rxc8+ Kxc8 35.
Rb5 h5 36.Ke3 Ra6 37.Bd5 Ra7 38.Kd3 1-0

[Event "I Festival A"]
[Site "Cattolica ITA"]
[Date "2005.06.12"]
[Round "2"]
[White "De Rosa, Mariagrazia"]
[Black "Calza, Gabriele"]
[Result "1-0"]
[WhiteElo "2081"]
[BlackElo "1790"]
[PlyCount "47"]
[EventDate "2005.06.11"]

1.e4 c5 2.Nf3 e6 3.d4 cxd4 4.Nxd4 Nc6 5.Nb5 d6 6.Bf4 e5 7.Be3 Nf6 8.Bg5 
Qa5+ 9.Qd2 Nxe4 10.Qxa5 Nxa5 11.Nc7+ Kd7 12.Nxa8 Nxg5 13.Nc3 b6 14.Nd5 Ne6
15.Bb5+ Kd8 16.b4 Bb7 17.bxa5 Bxd5 18.Nxb6 axb6 19.axb6 Nd4 20.O-O-O Bxa2 
21.Rxd4 exd4 22.Bc6 Be7 23.Kb2 Bc4 24.Ra1 1-0

[Event "I Festival A"]
[Site "Cattolica ITA"]
[Date "2005.06.12"]
[Round "2"]
[White "Di Majo, Carlo"]
[Black "Bonani, Georg"]
[Result "1-0"]
[WhiteElo "1982"]
[BlackElo "1897"]
[PlyCount "123"]
[EventDate "2005.06.11"]

1.d4 Nf6 2.Nf3 g6 3.Bf4 d6 4.h3 Bg7 5.e3 O-O 6.Be2 Nbd7 7.O-O c5 8.c3 b6 
9.Nbd2 Bb7 10.Bh2 Rc8 11.a4 a5 12.Bb5 Nb8 13.Qe2 Nd5 14.Nc4 Nc6 15.e4 Nf6 
16.e5 Ne8 17.dxc5 bxc5 18.Rfd1 d5 19.e6 f5 20.Nce5 Nxe5 21.Nxe5 Bxe5 22.
Bxe5 Qb6 23.Bd7 Rd8 24.Qe3 Nf6 25.Qh6 Bc6 26.g4 fxg4 27.hxg4 Bxd7 28.exd7 
Rxd7 29.Rd2 Qe6 30.f4 Qxg4+ 31.Rg2 Qh5 32.Qg5 Qxg5 33.Rxg5 Nh5 34.Rf1 e6 
35.Rf3 Ng7 36.Rh3 Nf5 37.Rg2 Ne7 38.b4 cxb4 39.cxb4 axb4 40.Rc2 h5 41.Rg2 
Kf7 42.Bd4 Nc6 43.Bc5 Ra8 44.Rhg3 Ne7 45.f5 Nxf5 46.Rxg6 Rxa4 47.Rg8 Kf6 
48.R8g6+ Ke5 49.Re2+ Kf4 50.Rf2+ Ke4 51.Rxe6+ Kd3 52.Rxf5 Rg7+ 53.Kf2 Ra2+
54.Kf3 d4 55.Rd6 b3 56.Bxd4 Rb7 57.Be3+ Kc4 58.Rd4+ Kc3 59.Rc5+ Kb2 60.
Rd2+ Kb1 61.Rd1+ Kb2 62.Bc1+ 1-0

[Event "I Festival A"]
[Site "Cattolica ITA"]
[Date "2005.06.12"]
[Round "2"]
[White "Fratino, Lorenzo"]
[Black "Trussardi, Giuseppe"]
[Result "1-0"]
[WhiteElo "1915"]
[BlackElo "1768"]
[PlyCount "65"]
[EventDate "2005.06.11"]

1.e4 d6 2.d4 Nf6 3.Nc3 c6 4.a4 Qa5 5.Bd2 e5 6.Nge2 Qc7 7.h3 Be7 8.g4 Nfd7 
9.Bg2 Qd8 10.O-O O-O 11.f4 exf4 12.Nxf4 Nb6 13.b3 a5 14.Be3 d5 15.exd5 
Nxd5 16.Ncxd5 cxd5 17.Qf3 Nc6 18.Qxd5 Qxd5 19.Bxd5 Nxd4 20.Bxd4 Rd8 21.c4 
Be6 22.Bb6 Rxd5 23.Nxd5 Bxd5 24.Rfe1 Bb4 25.Re3 h6 26.Rd1 Bc6 27.Red3 Kh7 
28.Kh2 Re8 29.Re3 Re4 30.Rxe4 Bxe4 31.Rd7 Bc2 32.Rxf7 Bxb3 33.Rxb7 1-0

[Event "I Festival A"]
[Site "Cattolica ITA"]
[Date "2005.06.12"]
[Round "2"]
[White "Friedrich, Norbert"]
[Black "Bellincampi, Stefano"]
[Result "1-0"]
[WhiteElo "2303"]
[BlackElo "2077"]
[PlyCount "57"]
[EventDate "2005.06.11"]

1.e4 e5 2.Nf3 Nc6 3.Bb5 Nf6 4.d4 exd4 5.O-O Be7 6.Re1 O-O 7.e5 Ne8 8.Bf4 
d6 9.Bxc6 bxc6 10.Nxd4 Bd7 11.Qf3 d5 12.Nc3 Rb8 13.Nb3 Qc8 14.Qe3 a6 15.
Rad1 g6 16.Bh6 Ng7 17.Bxg7 Kxg7 18.Na4 Rb4 19.Rd4 Rb5 20.Qc3 Qb8 21.a3 Kg8
22.Na5 Qa8 23.b4 Rfb8 24.Nb3 Be6 25.h4 h5 26.Rf4 Bf8 27.Nd4 a5 28.Nxe6 
fxe6 29.Qd3 1-0

[Event "I Festival A"]
[Site "Cattolica ITA"]
[Date "2005.06.12"]
[Round "2"]
[White "Frilli, Guido"]
[Black "Isonzo, David"]
[Result "1/2-1/2"]
[WhiteElo "2117"]
[BlackElo "2325"]
[PlyCount "50"]
[EventDate "2005.06.11"]

1.e4 c5 2.Nf3 d6 3.c3 Nf6 4.Be2 Nbd7 5.d3 g6 6.O-O Bg7 7.Nbd2 O-O 8.d4 e5 
9.Qc2 exd4 10.cxd4 cxd4 11.Nxd4 Nc5 12.N4b3 Nxb3 13.Nxb3 d5 14.exd5 Bf5 
15.Qd1 Nxd5 16.Nd4 Be4 17.Bf3 Re8 18.Re1 Bxf3 19.Nxf3 Rxe1+ 20.Qxe1 Qd7 
21.Bg5 h6 22.Bh4 Re8 23.Qd2 Qf5 24.Bg3 Nb6 25.Rd1 g5 1/2-1/2

[Event "I Festival A"]
[Site "Cattolica ITA"]
[Date "2005.06.12"]
[Round "2"]
[White "Fronzi, Ettore"]
[Black "Safranska, Anda"]
[Result "0-1"]
[WhiteElo "1790"]
[BlackElo "2298"]
[PlyCount "66"]
[EventDate "2005.06.11"]

1.d4 g6 2.Nf3 Bg7 3.g3 Nf6 4.Bg2 d6 5.c4 O-O 6.Nc3 Nc6 7.e4 Bg4 8.Be3 e5 
9.d5 Nd4 10.h3 Bxf3 11.Bxf3 c5 12.O-O Ne8 13.Bg2 f5 14.exf5 gxf5 15.f4 a6 
16.a4 Nf6 17.a5 Qe7 18.Kh2 Rae8 19.Rb1 Qd8 20.Qa4 exf4 21.Bxf4 Nh5 22.b4 
Nxf4 23.gxf4 Re3 24.Nd1 Re7 25.bxc5 dxc5 26.Rb6 Rf6 27.Rxf6 Bxf6 28.Qa3 
Qc7 29.Kh1 Ne2 30.Qd3 Bd4 31.Kh2 Nxf4 32.d6 Qxd6 33.Qxf5 Ne2+ 0-1

[Event "I Festival A"]
[Site "Cattolica ITA"]
[Date "2005.06.12"]
[Round "2"]
[White "Gianfelici, Edoardo"]
[Black "Manconi, Antonio"]
[Result "0-1"]
[WhiteElo "1838"]
[BlackElo "1972"]
[PlyCount "92"]
[EventDate "2005.06.11"]

1.d4 Nf6 2.c4 g6 3.Nc3 Bg7 4.e4 d6 5.f3 O-O 6.Be3 e5 7.d5 Nh5 8.Qd2 f5 9.
O-O-O Nd7 10.Bd3 a6 11.Nge2 Nc5 12.Bc2 b5 13.b4 Nd7 14.cxb5 axb5 15.Bd3 
Ba6 16.Nxb5 fxe4 17.fxe4 Bxb5 18.Bxb5 Nhf6 19.Nc3 Ng4 20.Bg5 Qc8 21.Rde1 
Nb8 22.h3 Nf6 23.Kb2 c6 24.dxc6 Nxc6 25.Bxf6 Nxb4 26.Bxg7 Kxg7 27.a3 Qc5 
28.Qe3 Rf2+ 29.Kb1 Rxa3 30.Qxc5 dxc5 31.Re2 Rb3+ 32.Ka1 Rxe2 33.Bxe2 Rxc3 
34.Kb1 Re3 35.Bf3 Kf6 36.Rc1 Nd3 37.Rc3 Ke6 38.Kc2 Ne1+ 39.Kd2 Rxc3 40.
Kxc3 Nxf3 41.gxf3 Kd6 42.Kb3 Kc6 43.Kc4 g5 44.Kc3 Kb5 45.Kb3 c4+ 46.Kc3 
Kc5 0-1

[Event "I Festival A"]
[Site "Cattolica ITA"]
[Date "2005.06.12"]
[Round "2"]
[White "Laketic, Gojko"]
[Black "Barlocco, Carlo"]
[Result "1-0"]
[WhiteElo "2435"]
[BlackElo "2195"]
[PlyCount "27"]
[EventDate "2005.06.11"]

1.d4 Nc6 2.e4 d5 3.Nc3 e5 4.dxe5 d4 5.Nd5 f5 6.exf6 Nxf6 7.Bc4 Be6 8.Qe2 
Qd6 9.Bf4 Ne5 10.Bxe5 Qxe5 11.Nf3 Qd6 12.e5 Qc5 13.exf6 Kf7 14.Ng5+ 1-0

[Event "I Festival A"]
[Site "Cattolica ITA"]
[Date "2005.06.12"]
[Round "2"]
[White "Lucchi, Lorenzo"]
[Black "Cerasi, Umberto"]
[Result "0-1"]
[WhiteElo "1870"]
[BlackElo "2002"]
[PlyCount "76"]
[EventDate "2005.06.11"]

1.e4 c6 2.d4 d5 3.Nc3 dxe4 4.Nxe4 Nd7 5.Nf3 Ngf6 6.Nxf6+ Nxf6 7.Bf4 Qb6 8.
b3 Nd5 9.Bd2 Bg4 10.c4 Bxf3 11.gxf3 Nf6 12.Be3 e5 13.dxe5 Qa5+ 14.Bd2 
Qxe5+ 15.Qe2 Qxe2+ 16.Bxe2 a5 17.Rg1 g6 18.O-O-O Ba3+ 19.Kb1 O-O 20.Bc3 
Rfe8 21.Bf1 Nh5 22.Rd7 b6 23.Bd3 Nf4 24.Rd1 Bc5 25.Be4 Rac8 26.Bd4 Ne2 27.
Bxc5 bxc5 28.Kb2 f5 29.Bc2 Nd4 30.Ra7 Re2 31.Rc1 Rxf2 32.Rxa5 Re8 33.Kb1 
Ree2 34.Bd1 Rb2+ 35.Ka1 Rxh2 36.Rb1 Rbd2 37.Ra7 Rh1 38.b4 Rdxd1 0-1

[Event "I Festival A"]
[Site "Cattolica ITA"]
[Date "2005.06.12"]
[Round "2"]
[White "Marini, Lucio"]
[Black "Orfei, Rolando"]
[Result "0-1"]
[WhiteElo "1527"]
[BlackElo "1943"]
[PlyCount "68"]
[EventDate "2005.06.11"]

1.d4 Nf6 2.c4 c5 3.Nf3 e6 4.Nc3 cxd4 5.Nxd4 Nc6 6.a3 a6 7.e4 d6 8.Be2 Be7 
9.Be3 O-O 10.O-O Qc7 11.f4 Re8 12.Kh1 Bf8 13.g4 Nxd4 14.Bxd4 e5 15.fxe5 
dxe5 16.Be3 Qc6 17.g5 Nxe4 18.Bf3 Bf5 19.Qc2 Ng3+ 20.hxg3 Qxf3+ 21.Rxf3 
Bxc2 22.Bb6 Bb3 23.c5 Rac8 24.Kh2 Bxc5 25.Bxc5 Rxc5 26.Re1 Kf8 27.Re4 Bd5 
28.Nxd5 Rxd5 29.Rb3 b5 30.Kg2 f5 31.gxf6 gxf6 32.g4 Kg7 33.Kg3 Red8 34.Rf3
Rd3 0-1

[Event "I Festival A"]
[Site "Cattolica ITA"]
[Date "2005.06.12"]
[Round "2"]
[White "Nardi, Marco"]
[Black "Torrisi, Andrea"]
[Result "1-0"]
[WhiteElo "2017"]
[BlackElo "1611"]
[PlyCount "57"]
[EventDate "2005.06.11"]

1.e4 c5 2.Nc3 Nc6 3.g3 g6 4.Bg2 Bg7 5.d3 e6 6.Be3 b6 7.Qd2 Nge7 8.Bh6 Bd4 
9.Nge2 d6 10.O-O Bb7 11.Nxd4 cxd4 12.Ne2 Rg8 13.b4 Qd7 14.f4 e5 15.fxe5 
dxe5 16.b5 Nd8 17.c3 Qxb5 18.cxd4 exd4 19.Nxd4 Qd7 20.Qf2 Nec6 21.Nxc6 
Nxc6 22.Bh3 Qd4 23.Be3 Qg7 24.d4 Rf8 25.d5 Nb4 26.a3 Nd3 27.Qc2 Ne5 28.Qc7
Ba6 29.d6 1-0

[Event "I Festival A"]
[Site "Cattolica ITA"]
[Date "2005.06.12"]
[Round "2"]
[White "Popa, Claudiu"]
[Black "Okhotnik, Vladimir"]
[Result "0-1"]
[WhiteElo "2186"]
[BlackElo "2417"]
[PlyCount "58"]
[EventDate "2005.06.11"]

1.e4 c5 2.c3 g6 3.d4 cxd4 4.cxd4 d5 5.e5 Nc6 6.Nc3 Bg7 7.Bb5 Nh6 8.h3 O-O 
9.Nf3 f6 10.exf6 exf6 11.O-O Qd6 12.Re1 Nf5 13.Ba4 Nfe7 14.Nb5 Qb8 15.Bd2 
a6 16.Nc3 Qd6 17.Ne2 g5 18.Nh2 Nf5 19.a3 Rd8 20.Bc3 Be6 21.Bc2 Nce7 22.Bb4
Qd7 23.g4 Nh4 24.f4 Nc6 25.Qd3 f5 26.Bd2 Bh8 27.Rf1 Rf8 28.fxg5 fxg4 29.
Rxf8+ Rxf8 0-1

[Event "I Festival A"]
[Site "Cattolica ITA"]
[Date "2005.06.12"]
[Round "2"]
[White "Radovanovic, Jovica"]
[Black "Volpinari, Danilo"]
[Result "1-0"]
[WhiteElo "2340"]
[BlackElo "2044"]
[PlyCount "47"]
[EventDate "2005.06.11"]

1.e4 c5 2.Nf3 e6 3.d4 cxd4 4.Nxd4 a6 5.Bd3 Qc7 6.O-O b5 7.a4 b4 8.Nd2 Bb7 
9.Kh1 Nc6 10.Nxc6 Qxc6 11.f4 Nf6 12.Qe2 Bc5 13.e5 Nd5 14.Ne4 Be7 15.f5 
O-O-O 16.f6 gxf6 17.exf6 Bd6 18.c4 bxc3 19.Bh6 Bb8 20.Rac1 Qc7 21.Bf4 Nxf4
22.Qe1 Nxd3 23.Rxc3 Nxe1 24.Nd6# 1-0

[Event "I Festival A"]
[Site "Cattolica ITA"]
[Date "2005.06.12"]
[Round "2"]
[White "Ragnoni, Edoardo"]
[Black "Gandolfi, Gianfranco"]
[Result "1-0"]
[WhiteElo "1802"]
[BlackElo "1967"]
[PlyCount "65"]
[EventDate "2005.06.11"]

1.e4 e5 2.Nf3 Nc6 3.Bb5 a6 4.Ba4 Nf6 5.O-O Be7 6.Re1 b5 7.Bb3 O-O 8.d3 d6 
9.c3 Na5 10.Bc2 Bg4 11.h3 Bh5 12.Bg5 h6 13.Bh4 c5 14.Nbd2 Nh7 15.Bxe7 Qxe7
16.g4 Bg6 17.h4 f6 18.Nf1 Bf7 19.Ne3 Qd7 20.Kh2 g6 21.Rg1 Be6 22.Nf5 Bxf5 
23.gxf5 g5 24.hxg5 Nxg5 25.Nh4 c4 26.Qh5 Qg7 27.Rg3 Kh7 28.Ng6 Rf7 29.Rag1
Nc6 30.f4 exf4 31.Nxf4 Re7 32.Nh3 Qf7 33.Rxg5 1-0

[Event "I Festival A"]
[Site "Cattolica ITA"]
[Date "2005.06.12"]
[Round "2"]
[White "Raineri, Valerio"]
[Black "Pircher, Karl"]
[Result "1-0"]
[WhiteElo "2145"]
[BlackElo "2037"]
[PlyCount "69"]
[EventDate "2005.06.11"]

1.e4 e6 2.Qe2 c5 3.f4 Nc6 4.Nf3 Nf6 5.d3 d5 6.e5 Nd7 7.g3 Be7 8.Bh3 Qc7 9.
O-O b6 10.Be3 Ba6 11.c3 h6 12.Nbd2 g5 13.a3 Rg8 14.Bg2 Bb7 15.b4 g4 16.Ne1
h5 17.Bf2 Rg6 18.Nc2 O-O-O 19.Nb3 Rh8 20.bxc5 bxc5 21.a4 Na5 22.Rfb1 Ba6 
23.Nxa5 Qxa5 24.c4 h4 25.cxd5 exd5 26.Bxd5 hxg3 27.hxg3 Rgh6 28.Bg2 Rh2 
29.Qe4 Qc7 30.Ne3 Nb6 31.a5 Rxg2+ 32.Nxg2 Bb7 33.axb6 axb6 34.Ra8+ Bxa8 
35.Qxa8+ 1-0